[Event "Klubbmesterskapet 2023 (A)"]
[Site "Ås, Viken NOR"]
[Date "2023.06.01"]
[Round "8"]
[White "Furnes, Torstein"]
[Black "Lea, Per"]
[Result "1/2-1/2"]
[WhiteElo "1715"]
[BlackElo "1685"]
[Annotator "Furnes, Torstein"]
[PlyCount "38"]
[EventDate "2023.02.02"]

1. d4 f5 2. c4 Nf6 3. Nc3 g6 4. Nf3 (4. h4 {er et interessant alternativ som
er endel spilt på høyt nivå, og trekket har hele 64 % score hos ChessBase.})
4... Bg7 5. Bg5 $6 {Stockfish liker ikke dette trekket.} h6 (5... Ne4 {er
førstevalget til Stockfish.}) 6. Bxf6 {Gir fra seg løperparet, men trekket er
førstevalget til computeren.} Bxf6 7. e4 d6 8. Bd3 e6 9. O-O {Så langt har vi
fulgt partier som finnes i ChessBase Online Database, men svarts neste trekk
er ikke spilt tidligere.} Kf7 10. exf5 exf5 11. Re1 Nc6 12. Bc2 Re8 13. Qd2 ({
Computeren vil heller spille} 13. Rxe8 Qxe8 14. Qd2) 13... Rxe1+ 14. Rxe1 Qf8
15. Nd5 Bd8 16. b4 ({Stockfish vil heller spille} 16. h4) 16... Ne7 17. Nxe7 (
17. Nf4 {er bedre.}) 17... Bxe7 18. d5 Bf6 19. Nd4 $4 {Hvitfordelen synker fra
+5 til 0.} ({Stockfish vil spille} 19. Ba4 Be7 20. h4) 19... Bxd4 {Hvit tar
imot svarts remisforslag. Computeren er enig i at stillingen er helt jevn.}
1/2-1/2

[Event "Klubbmesterskapet 2023 (A)"]
[Site "Ås, Viken NOR"]
[Date "2023.06.08"]
[Round "9"]
[White "Lea, Per"]
[Black "Holm, Bjarne"]
[Result "1-0"]
[WhiteElo "1685"]
[BlackElo "1683"]
[Annotator "Lea, Per"]
[PlyCount "99"]
[EventDate "2023.02.02"]

{I to tidligere møter - i 2014 og 2015 - ble det spansk parti og hvitseier,
men i begge partiene hadde svart vinststillinger som ble skuslet bort.} 1. c4
c6 {Tyder på at svart er interessert i å spille slavisk dronninggambit} 2. g3 {
- men her følger hvit standardplanen som ville blitt fulgt uansett hva svart
hadde spilt i 1. trekk} d5 3. cxd5 {En strategisk feil: trekket gjør det lett
for svart å få utviklet de lette offiserene på dronningfløyen, f.eks. til c6
og f5. Derfor er det bedre å la svart få slå på c4, selv om det skulle
innebære et bondeoffer.} ({Derfor er} 3. Bg2 {bedre, og her kan bonden vinnes
enkelt tilbake om hvit vil bruke tid på det:} dxc4 4. Na3 Be6 5. Qc2 {og svart
får ikke spilt} b5 {på grunn av} 6. Nxb5) 3... cxd5 4. Bg2 Nf6 5. d4 Nc6 6. Nf3
e6 ({Her er nok} 6... Bf5 {bedre. Hvis} 7. Nh4 {så} Bxb1 ({eller} 7... Be4 {og
svart står best i begge tilfeller})) 7. O-O Bd6 ({Ryggmarksrefleksen (og
Stockfish) sier at} 7... Be7 {er det naturlige trekket her}) 8. b3 {Å sette en
løper på b2 er kanskje ikke helt optimalt her} (8. Bg5 {er nok bedre, selv om
det kanskje medfører at et avbytte på f6 er mer eller mindre tvungent.}) 8...
O-O 9. Nc3 (9. Ba3 {ble vurdert. Etter} Bxa3 10. Nxa3 Qa5 11. Nc2 {står
springeren på c2 litt kunstig plassert. Men den kan lett komme seg til d3 via
e1.}) 9... a6 {Hindrer et springerutfall til b5, som jeg uansett ikke hadde
planlagt} 10. Bb2 b5 {Dermed åpner det for at hvit kan prøve å få plantet en
forpost på c5} ({Best er sannsynligvis det enkle} 10... Bd7) 11. Rc1 Bb7 12. e3
Rc8 13. Ne1 Ne7 {Stockfish vil heller ha plassert dronninga på e7} 14. Nd3 Ng6
15. b4 $2 {Etterlater et hull på c4 og overser at} (15. Nc5 {kan spilles med
en gang:} Bxc5 16. dxc5 Rxc5 $2 17. Ba3) 15... Qe7 16. Nc5 Bxc5 {Et dilemma:
skal svart la hvit beholde springeren på c5 en stund til og håpe den ikke kan
stelle til noe ugagn der, eller la hvit få en fribonde som lett kan bli
avgjørende i et bondesluttspill?} 17. dxc5 Rfd8 18. Ne2 e5 19. Qc2 Bc6 (19...
h5 {for å prøve å få til noe på kongefløyen, var et forsøk verdt. Å få hvit
til å bytte g- mot h-bonden og få begge springerne pluss dronning med i angrep,
ville være den helt store drømmen.}) 20. Rfd1 ({Stockfish foretrekker} 20. Rcd1
{kanskje for at et tårn i f-linja skal støtte opp om et seinere framstøt med
f-bonden, men så lenge det står en hvit bonde på e3 synes jeg et sånt
bondeframstøt ser helt feil ut}) 20... h6 21. a3 {Her var jeg inne på tanken å
slenge inn et remistilbud, men vurderte at svarts bonde på d5 kunne bli et
angrepsmål} Qe8 22. Rd2 Rc7 23. Rcd1 Qe7 24. Qb3 ({Stockfish forslår trekk som
} 24. Nc1) ({og} 24. Ba1 {men hva som skulle være poenget med disse trekkene
er meg en stor gåte}) 24... a5 25. Nc3 a4 26. Qa2 {Nå er d-bonden truet 5
ganger og gardert bare 3 ganger. Men det lurer en binding i buskene som kunne
skapt store problemer for hvit.} Rcd7 27. Nxd5 {Stockfish mener at hvit burde
la bonden få stå i fred inntil videre: "Trusselen er farligere enn utførelsen"
(Nimzowitsch). Etter dette trekket mister hvit sin minimale fordel og
Stockfish vurderer stillingen til helt lik: 0.00.} Nxd5 28. Bxd5 Bxd5 $2 {En
naturlig fortsettelse, men som gir hvit en klar fordel. Men den forserte
remisvarianten er det bare computerne som ser:} (28... Nh4 29. gxh4 Bxd5 30.
Rxd5 Qe6 31. e4 Qg4+ (31... Qg6+ {gjør nøyaktig samme nytten}) 32. Kf1 (32. Kh1
$4 Qxe4+ 33. Kg1 Rxd5 34. Rxd5 Rxd5 {Truer tårnmatt på d1} 35. h3 (35. Qa1 Qg4+
36. Kf1 Rd1+ 37. Qxd1 Qxd1+ {med lett vinst}) 35... Rd1+ 36. Kh2 Qh1+ 37. Kg3
Rg1#)) 29. Rxd5 Qe6 30. e4 $2 ({Hvits eneste vinstmulighet er} 30. Rxd7 Qxa2
31. Rxd8+ Kh7 32. R8d2) 30... Ne7 ({Svart kan framtvinge remis med omtrent
samme idé som to trekk tidligere} 30... Nf4 $1 31. gxf4 (31. Rxd7 Rxd7 32. Rxd7
(32. Qxe6 $4 Rxd1#) 32... Qxa2)) 31. Rxd7 Rxd7 ({Alternativet var} 31... Qxa2
32. Rxd8+ Kh7 33. R8d2 h5 34. h4 Nc6 {og for å vinne må vel hvit aktivisere
begge tårnene - hvilket ikke er så helt enkelt å få til. Som kjent jobber
dronning godt sammen med springer.}) 32. Qb1 Nc6 $2 ({Svart måtte prøvd} 32...
Rxd1+ 33. Qxd1 f6 {og hvit står bedre med sin garderte fribonde, men det er
ikke probemfritt å føre partiet til seier. Løperen på b2 er ikke lett å få
aktivisert.}) 33. Rxd7 Qxd7 34. Qc2 (34. Qf1 {Stockfish sitt forslag kan ved
første øyekast se passivt ut, men angrepet på svarts b-bonde fører til at hvit
får en dominerende stilling} Qb7 ({Alernativet var} 34... Na7 {Bonden på e5
faller, men svart får igjen bonden på e4} 35. Bxe5 Qe7 36. Qa1 f6 37. Bc3 Qxe4
38. Qd1 Qc6) 35. Qd3 f6 36. Bc1 Kf8 37. h4 h5 38. Be3 Ne7 39. f4 {med vinnende
stilling i følge Stockfish}) 34... Kf8 35. Bc3 {Hvit vil gjerne bytte
dronninger.} ({Igjen er et angrep på b-bonden den beste planen} 35. Qe2) 35...
Ke7 36. Qd2 $2 {Etter et dronningbytte vil hvit få problemer med å få
aktivisert løperen} Nd4 (36... Qxd2 37. Bxd2 Nd4 {ville gjort jobben
vanskeligere for hvit}) 37. Bxd4 exd4 38. Qd3 {Sluttspillet skal være vunnet
for hvit, men ingen av oss følte vel at noe var avgjort på dette tidspunktet i
partiet. Svarts hovedproblem er at det ikke finnes noen konkrete planer, han
må bare forsvare seg med alle midler.} g6 39. Kg2 Ke6 {Regelen om å aktivisere
kongen gjelder neppe her ...} 40. f4 (40. Kf1) (40. Kg1) (40. Kf3 {er
toppforslagene til Stockfish og skal gi hvit en fordel tilsvarende ca. 3,5
bønder}) 40... f6 ({Svart bør bare holde seg i ro med f. eks.} 40... Ke7) 41.
Kf3 ({Her skal} 41. f5+ {være det beste, men hvits plan bør også holde - den
gir en fordel på omtrent 2,5 bønder, mens Stockfish sin plan gir omtrent 4
bønders fordel}) 41... f5 42. h3 (42. Qe2 {Truer en lei avdekkersjakk} fxe4+ (
42... Kf7 43. Qa2+ Kf8 44. Qd5 fxe4+ 45. Qxe4 (45. Kxe4 $4 Qxd5+ 46. Kxd5 d3 {
og svart vinner}) 45... d3 46. Qe5 {Det eneste som vinner!} (46. c6 Qd6 47. c7
Qxc7 48. Qxd3 Qc6+ 49. Qe4 Qc3+ {og svart skal greie remis - men det er
potensielle fallgruber})) 43. Qxe4+ Kf7 44. c6 Qd6 45. Ke2 d3+ 46. Kd2 {og
hvit vinner, sannsynligvis fordi svart før eller siden kommer i trekktvang.
Svarts konge kan aldri hjelpe til med å stoppe c-bonden på grunn av at hvits
dronning behersker e-linja, og et reint bondesluttspill etter dronningavbytte,
er lett vunnet for hvit.}) 42... h5 43. g4 hxg4+ 44. hxg4 fxg4+ 45. Kxg4 Kf6+
46. Kg3 g5 47. e5+ Ke6 (47... Kg7 48. fxg5 {er ikke noe svart går inn i
frivillig, men alternativene er enda verre}) 48. Qg6+ Kd5 49. Qd6+ Qxd6 50.
cxd6 {Når svart prøver å stoppe d-bonden, vinner hvit lett svarts d- og
g-bonde. Svart ga opp} 1-0

[Event "Klubbmesterskapet 2023 (A)"]
[Site "Ås, Viken NOR"]
[Date "2023.06.08"]
[Round "9"]
[White "Johansen, Anders Sten"]
[Black "Furnes, Torstein"]
[Result "0-1"]
[WhiteElo "1738"]
[BlackElo "1715"]
[Annotator "Furnes, Torstein"]
[PlyCount "72"]
[EventDate "2023.02.02"]

1. Nf3 d5 2. g3 Nf6 3. Bg2 c5 4. O-O Nc6 5. d3 e5 6. Nbd2 Be7 7. e4 d4 8. Nc4
Qc7 9. a4 O-O 10. h3 Be6 11. b3 a6 12. Nh2 $17 ({Stockfish vil spille} 12. Ng5
Bxc4 13. bxc4 $11) 12... b5 13. axb5 $19 {Stockfish vil heller trekke
springeren tilbake.} axb5 14. Rxa8 Rxa8 15. Nd2 Ra2 ({Stockfish foretrekker} 
15... Ra1) 16. f4 Nb4 17. f5 Bd7 18. g4 Nxc2 19. Ndf3 Bd6 {Svartfordelen
synker en del etter dette trekket.} ({Computerens førstevalg er} 19... c4) 20.
g5 Ne8 21. Ng4 f6 {Svartfordelen synker ned til ca -0.5.} ({Stockfish vil
spille} 21... c4) 22. gxf6 Nxf6 23. Nxf6+ gxf6 24. Nh4 Be8 25. Rf3 Bf8 26. Rg3+
Kh8 27. Qg4 Qf7 28. Ng6+ hxg6 29. fxg6 Qg7 30. Kh2 Ne1 31. Qh5+ Kg8 32. Qd1
Nxg2 33. Rxg2 Rxg2+ 34. Kxg2 Qxg6+ 35. Kh2 Bd7 36. Qc2 f5 0-1

[Event "Klubbmesterskapet 2023 (A)"]
[Site "Ås, Viken NOR"]
[Date "2023.06.08"]
[Round "9"]
[White "Hrituleac, Paul"]
[Black "Aamodt, Peder Marcus"]
[Result "0-1"]
[WhiteElo "1299"]
[BlackElo "2011"]
[PlyCount "42"]
[EventDate "2023.02.02"]

1. d4 Nf6 2. Nf3 d5 3. c4 e6 4. Nc3 dxc4 5. e4 b5 6. e5 Nd5 7. Nxb5 Nb6 8. Nc3
Bb7 9. Bxc4 Nxc4 10. Qa4+ Nc6 11. Qxc4 Nb4 12. Ne2 Ba6 13. Qc3 Qd5 14. a3 Qe4
15. Be3 Nc2+ 16. Kd2 Nxa1 17. Rxa1 Be7 18. Ng3 Qb7 19. Rc1 O-O 20. Qxc7 Qxb2+
21. Rc2 Qxa3 0-1

[Event "Klubbmesterskapet 2023 (A)"]
[Site "Ås, Viken NOR"]
[Date "2023.06.08"]
[Round "9"]
[White "Andersen, Odd"]
[Black "Brenden, Torbjørn"]
[Result "1-0"]
[WhiteElo "1731"]
[BlackElo "1624"]
[PlyCount "61"]
[EventDate "2023.02.02"]

1. d4 Nf6 2. c4 e6 3. Nc3 Bb4 4. Qc2 O-O 5. a3 Be7 6. Bg5 d5 7. cxd5 exd5 8. e3
c6 9. Bd3 Nbd7 10. Nge2 Re8 11. O-O Nf8 12. f3 h6 13. Bh4 Bd6 14. Qd2 Qe7 15.
Bf2 a5 16. Rae1 a4 17. e4 dxe4 18. fxe4 Ng4 19. e5 Bc7 20. Bg3 h5 21. Bf4 Ne6
22. h3 Nxf4 23. Nxf4 Nh6 24. Qf2 g6 25. Ne4 Rf8 26. Nf6+ Kg7 27. Qg3 Nf5 28.
N4xh5+ Kh8 29. Qg5 gxh5 30. Bxf5 Bxf5 31. Qh6+ 1-0

[Event "Klubbmesterskapet 2023 (A)"]
[Site "Ås, Viken NOR"]
[Date "2023.06.08"]
[Round "9"]
[White "Kielland-Lund, Jon"]
[Black "Samset, Jon"]
[Result "1-0"]
[WhiteElo "1723"]
[BlackElo "1400"]
[Annotator "Tactical Analysis 5.3 (5s)"]
[PlyCount "75"]
[EventDate "2023.02.02"]

1. c4 c5 2. Nf3 Nf6 3. Nc3 Nc6 4. d4 cxd4 5. Nxd4 Nxd4 6. Qxd4 Qb6 7. Qxb6 {
White is more active.} axb6 8. Be3 {[#] aiming for Nb5.} e6 {White is slightly
better.} 9. Bxb6 Bb4 10. Bd4 O-O {[%eval 93,24]} (10... d6 $14 {[%eval 60,24]
is more appropriate.}) 11. Bxf6 {[%eval 41,23]} ({White should try} 11. a3 $16
{[%eval 93,24]}) 11... gxf6 $14 12. Kd2 b6 13. e4 (13. a3 {is interesting.} d5
14. e3 Rd8 15. cxd5 Rxd5+ 16. Bd3) 13... Bc5 14. f3 Kh8 {[%eval 119,22]} (14...
Rd8 $142 {[%eval 79,22]}) 15. g4 {[%eval 74,21]} ({White should play} 15. Kc2 {
[%eval 119,22]}) 15... Rg8 16. Bd3 Bb7 {[%cal Of6f5]} 17. Rhf1 {[%eval 31,22]}
(17. Kc2 $142 {[%eval 68,20]}) 17... e5 {[%eval 123,23] White leaves nothing
to chance now.} (17... Bc6 $14 {[%eval 31,22]}) 18. a3 Rg6 19. Ne2 {[%cal
Bc3e2,Be2g3,Bg3f5,Bf5d6] [%mdl 32]} Rag8 {[%eval 222,26]} (19... f5 $16 {
[%eval 114,23]}) 20. b4 $18 Bf8 21. Ng3 Bh6+ 22. Ke2 Bf4 23. Nf5 {Against Rh6}
Rd8 24. Nd6 Rb8 25. h4 {[%cal Bh2h4,Bh4h5] [%mdl 32]} Kg8 {[%eval 564,24]} (
25... h5 $142 {[%eval 374,24]} 26. gxh5 (26. Nxb7 Rxb7 27. gxh5 Rg2+ 28. Rf2
Rg3 $18) 26... Rg3) 26. h5 Rg5 27. Rfd1 {[%cal Bf1d1,Bd1d6,Bd6f6,Bf6f7,Bf7g7] 
[%mdl 32]} Kf8 28. Nf5 Bc6 {[%eval 669,24]} (28... Bc8 $142 {[%eval 464,23]}
29. Bc2 d6 30. Rxd6 Bxf5) 29. Bc2 Rd8 30. Rd6 b5 31. c5 Re8 32. Bb3 Bxe4 33.
Rxf6 Bxf3+ 34. Kxf3 Bh2 35. Rxf7+ Kg8 (35... Kg8 {[%emt 0:00:00]}) 36. Rg7+ {
White mates.} Kh8 37. Rxg5 e4+ 38. Ke3 {Weighted Error Value: White=0.20 
(precise) /Black=0.68} 1-0

[Event "Konrad Timestrening våren 2023"]
[Site "Ås, Viken NOR"]
[Date "2023.06.01"]
[Round "3"]
[White "Skaret, Runar"]
[Black "Heien, Aksel"]
[Result "1/2-1/2"]
[WhiteElo "1272"]
[BlackElo "1344"]
[Annotator "Skaret, Runar"]
[PlyCount "121"]
[EventDate "2023.05.04"]

1. d4 {analysert av runar og stockfish} d5 2. Bf4 Nf6 3. Nf3 e6 4. e3 {london
system +0,1} Bd6 5. Bg3 b6 6. Bd3 Bb7 7. Nbd2 c5 8. c3 c4 9. Bc2 O-O 10. Qb1 h6
11. e4 dxe4 12. Nxe4 Bxg3 13. hxg3 Nxe4 14. Bxe4 Bxe4 15. Qxe4 Nd7 16. Ne5 Nf6
17. Qf3 Qd5 18. O-O-O Qxf3 19. gxf3 Rac8 20. Rh4 Nd5 21. g4 {bedre hadde vært
Sg4 for så Se3 og prøve å bytte av hestene -2,8} f6 {Sf4 ville vært litt bedre,
ganske vanskelig for meg å angripe svart hest der. -1,6} 22. Ng6 Rfd8 {..Tfe8
var litt bedre. -0,8} 23. Rh5 {gikk meg vill i linjene i hodet mitt her. nå
kan svart dytte vekk hesten min. -3,5} Kf7 24. Nh4 Rh8 {hvit hest ser nesten
fanget ut her, men her kommer jeg løs med Sg2. stockfish ville heller ha ..Sf4
selv om det ser ut som jeg da redder tårnet mitt. -0,5} (24... Nf4 25. Rb5 g5 {
vinner hesten}) 25. Ng2 g6 26. Rhh1 {jeg lurte veldig på om ikke jeg burde
spilt T5h2 istedet. stockfish sier det er det beste trekket, men T5h1 er bare
marginalt dårligere} b5 27. Kc2 b4 28. Rb1 a5 29. Rhe1 {dette gjør at . .h5
gxh5..Txh5 og svart kommer inn med tårnet. -2,1} a4 {-0,6} 30. Re4 {slipper
tårnet til svart inn med ..h5 igjen. -2,7. Se3 hadde vært best.} b3+ {nå
kommer svart med bøndene -1,8} 31. axb3 {Kd2 hadde vært bedre. -3,3} axb3+ {
burde tatt med ..cxb3. kanskje fordi a-bonden kunne vært mer brysom på a-linja.
-1,3} 32. Kc1 {trodde jeg trengte å stå her når svart dobler tårnene, men
stockfish ville heller Kd2. -3,5} Ra8 {men stockfish vil ikke doble tårnene,
og ba om f5. -1,9} 33. Ne3 Ra7 {bukker bonden på c4. +0,1} 34. Nxc4 Ra4 {her
sier stockfish Sd6+. det så ut som en meningsløs sjakk for meg, og jeg fant
ikke oppfølgingen for det. det ser ut til at jeg kunne fortsatt med Sb7 og så
etterhvert Sc5 der springeren hadde stått nokså godt. +2,2} 35. Na3 {-0,1} Nxc3
{artig trekk og godt sett av aksel .0,0} 36. bxc3 Rxa3 37. Kb2 Rha8 38. Re3
Ra2+ 39. Kxb3 Rxf2 40. Kc4 Rc8+ 41. Kd3 Rc7 42. Rb8 Ra2 43. Rh8 Kg7 44. Re8 Ra3
45. Kc2 Kf7 46. R8xe6 Rcxc3+ {0,0. kun ett trekk holder lik stilling for hvit
her. hvis ikke er sluttspillet vunnet for svart} 47. Rxc3 {[%eval -32717,0] og
det var Kd2.} Rxc3+ 48. Kxc3 Kxe6 49. Kc4 Kd6 50. d5 h5 51. gxh5 gxh5 52. Kd4
h4 53. Ke3 {[%eval -32729,0]} h3 {..Kxd5 hadde vunnet for svart. nå er det lik
stilling igjen 0,0} 54. Kf2 Kxd5 55. Kg3 h2 56. Kxh2 Ke5 57. Kg3 f5 58. Kf2 Kd4
59. Ke2 f4 60. Kd2 Kc4 61. Kc2 1/2-1/2

[Event "Klubbmesterskapet 2022 (A)"]
[Site "Ås, Viken NOR"]
[Date "2022.09.08"]
[Round "1"]
[White "Thowsen, Alf Geir"]
[Black "Olsen, Trygve"]
[Result "0-1"]
[WhiteElo "1372"]
[BlackElo "1504"]
[PlyCount "100"]
[EventDate "2022.09.08"]

1. d4 d5 2. c4 c6 3. Nf3 g6 4. Nc3 Nf6 5. e3 Bg7 6. Bd3 O-O 7. Bd2 Nh5 8. Qb3
Nf6 9. O-O Qb6 10. Rfe1 Qxb3 11. axb3 a6 12. e4 dxe4 13. Nxe4 Nxe4 14. Bxe4 f5
15. Bc2 e6 16. Bc3 h6 17. Ne5 Kh7 18. c5 Nd7 19. f4 Nxe5 20. dxe5 Rd8 21. Red1
Rd5 22. b4 Rd7 23. Bb3 Re7 24. Rd8 b6 25. Rad1 Bb7 26. Rxa8 Bxa8 27. Rd6 bxc5
28. bxc5 Bb7 29. Bxe6 Bf8 30. Bb3 Rc7 31. Rd8 Bxc5+ 32. Kh1 g5 33. e6 Be7 34.
Rh8+ Kg6 35. Rb8 Bd6 36. Rg8+ Kh7 37. Rh8+ Kg6 38. fxg5 Rc8 39. Rxh6+ Kxg5 40.
Bd2+ f4 41. Rh7 Ba8 42. h4+ Kg6 43. Bc2+ Kf6 44. Rh6+ Ke5 45. Bc3+ Kd5 46. Bb3+
Kc5 47. Ba5 Kb5 48. Bc3 c5 49. Bf6 f3 50. e7 f2 0-1

[Event "Klubbmesterskapet 2022 (A)"]
[Site "Ås, Viken NOR"]
[Date "2022.09.08"]
[Round "1"]
[White "Larsen, Jo Ingebrigt"]
[Black "Furnes, Torstein"]
[Result "0-1"]
[WhiteElo "1601"]
[BlackElo "1747"]
[Annotator "Furnes, Torstein"]
[PlyCount "40"]
[EventDate "2022.09.08"]

1. d4 d5 2. Bf4 Nf6 3. e3 Bf5 4. Bd3 Bxd3 5. Qxd3 c6 6. Nd2 e6 7. Ngf3 Bd6 8.
Ne5 O-O 9. Bg5 Nbd7 $6 10. Ndf3 ({Hvit kunne nå ødelegge svarts bondestruktur
foran kongen med} 10. Nxd7 Qxd7 11. Bxf6 gxf6) 10... Qc7 ({Stockfish
foretrekker} 10... Qa5+ {fulgt av Lxe5}) 11. Nxd7 Nxd7 12. O-O-O $6 $19 {
Stockfish liker ikke dette rokadetrekket så godt.} c5 13. e4 c4 14. Qe2 c3 15.
Rd3 cxb2+ 16. Kxb2 dxe4 17. Qxe4 Rac8 18. Rc1 Nb6 19. Nd2 {Ifølge Stockfish
var dette den avgjørende feilen.} ({Stockfish vil spille} 19. Ka1) 19... Na4+
20. Ka1 Nc3 ({Svart vinner etter} 20... Nc3 21. Qe3 Qa5 22. Rxc3 Rxc3) 0-1

[Event "Klubbmesterskapet 2022 (A)"]
[Site "Ås, Viken NOR"]
[Date "2022.09.08"]
[Round "1"]
[White "Kielland-Lund, Jon"]
[Black "Lea, Per"]
[Result "1/2-1/2"]
[WhiteElo "1715"]
[BlackElo "1698"]
[Annotator "Lea,Per"]
[PlyCount "100"]
[EventDate "2019.09.08"]

1. c4 Nf6 2. Nc3 g6 3. Nf3 Bg7 4. e4 d6 5. d4 O-O 6. Be2 e5 7. dxe5 dxe5 8.
Qxd8 Rxd8 9. Bg5 Re8 {I partiet mellom de samme spillerne i høstturneringa
2017, trodde svart at han måtte beholde den åpne tårnlinja, hvilket er helt
feil her.} 10. Nd5 Nxd5 11. cxd5 c6 12. Bc4 (12. d6 {er ikke på langt nær så
farlig som det kan se ut som}) 12... cxd5 13. Bxd5 Nd7 14. Nd2 Nb6 (14... Nc5 {
er det mest spilte her, men det virket naturlig å få den ekle løperen bort fra
d5}) 15. Bb3 Be6 16. Rc1 Bxb3 17. Nxb3 Rac8 18. Ke2 Na4 19. Na5 (19. Rxc8 Rxc8
20. Rc1 Rxc1 21. Bxc1 {er kanskje et bedre forsøk på å få en fordel}) 19...
Nxb2 20. Nxb7 Nc4 21. Rc3 Nb6 22. Rhc1 Rxc3 23. Rxc3 f6 24. Be3 Re7 {Sorts
brikker står litt klossete og sannsynligvis er et snarlig bondetap uunngåelig}
25. Nd6 Bf8 26. Nc8 Rb7 27. Rb3 Rc7 28. Nxb6 axb6 29. Rxb6 Rc2+ 30. Kd3 {Svart
hadde satt sitt lit til at dette skapte balanse i regnskapet, men "glemte" at
det til slutt henger en bonde på f6.} Rxa2 31. Rxf6 Bg7 32. Rc6 Kf7 33. Rc7+
Kg8 34. h4 h6 {Dette sluttspillet skal være vunnet for hvit} 35. Rc8+ Kf7 36.
Rc7+ Kg8 37. Rc6 Kf7 38. Rc7+ Kg8 {Her kunne svart ha forlangt remis siden
samme stilling nå har oppstått 3 ganger, men sånt er ikke alltid så lett å se
med lite tid igjen på klokka} 39. g3 Rb2 40. Rc2 Rb7 {Hvit ville ha stått bare
litt bedre etter tårnbyttet, men det virker intuitivt mer naturlig å satse på
et tårnsluttspill med bonde under enn et likefarget løpersluttspill med bonde
under} 41. Ra2 Kf7 42. Ra7 {Her blir det tårnbytte allikevel, men Stockfish
mener at da forsvinner nesten hele hvits fordel} (42. Kc4 {skal være
vinsttrekket her}) 42... Rxa7 43. Bxa7 Ke6 44. Be3 (44. h5 {er det eneste
vinstforsøket som har en mulighet til å slå gjennom}) 44... Bf8 45. f4 ({Igjen
er} 45. h5 {verdt å prøve}) 45... Bg7 ({Her er} 45... h5 {død remis}) 46. g4 ({
Denne gangen er} 46. h5 {helt avgjørende}) 46... exf4 47. Bxf4 h5 48. g5 Bb2
49. Ke3 Bc1+ 50. Kf3 Bb2 {Svarts konge kan aldri jages bort fra feltet e6, og
hvit kan heller ikke framtvinge et løperavbytte.} 1/2-1/2

[Event "Klubbmesterskapet 2022 (A)"]
[Site "Ås, Viken NOR"]
[Date "2022.09.08"]
[Round "1"]
[White "Samset, Jon"]
[Black "Andersen, Odd"]
[Result "0-1"]
[WhiteElo "1378"]
[BlackElo "1680"]
[PlyCount "86"]
[EventDate "2022.09.08"]

1. e4 c6 2. Nc3 d5 3. Nf3 d4 4. Ne2 c5 5. d3 Nc6 6. g3 e5 7. Bg2 h6 8. O-O Bg4
9. h3 Bh5 10. Nd2 Qd7 11. f4 exf4 12. Rxf4 Bd6 13. Rf5 g6 14. Rf1 Bxg3 15. Nf3
Bd6 16. Bf4 g5 17. Bxd6 Qxd6 18. e5 Nxe5 19. Nxe5 Qxe5 20. Re1 O-O-O 21. Qd2
Qc7 22. Rf1 Ne7 23. Qe1 Bxe2 24. Qxe2 Ng6 25. Qg4+ Kb8 26. Rf6 Nf4 27. Be4 Nd5
28. Bxd5 Rxd5 29. Raf1 Rd7 30. Qf3 Rh7 31. Qf5 Rg7 32. Rxh6 a6 33. Rh8+ Ka7 34.
Qf3 Re7 35. Qg4 Rg6 36. Rc8 Qd6 37. Qg2 g4 38. h4 Rh6 39. Rg8 Rxh4 40. Rxg4
Rxg4 41. Qxg4 Re6 42. Qf3 Rg6+ 43. Kh1 Rh6+ 0-1